Το φανταστικό μουσείο

Αποθηκεύτηκε σε:
Λεπτομέρειες βιβλιογραφικής εγγραφής
Κύριος συγγραφέας: Malraux, André, 1901-1976
Μορφή: Βιβλίο
Γλώσσα:Greek
French
Δημοσίευση: Αθήνα : Πλέθρον, c2007.
Σειρά:Εικαστικά - Τέχνη. Θεωρία της τέχνης.
Θέματα:
Ετικέτες: Προσθήκη ετικέτας
Δεν υπάρχουν, Καταχωρήστε ετικέτα πρώτοι!

MARC

LEADER 00000cam a2200000 i 4500
001 1/69144
008 071221s2007 gr | ||| |||| ||gre||
020 |a 9789603481577 
035 |l 10093352 
040 |a GR-MyUa  |b gre  |e AACR2 
041 1 |a gre  |h fre 
082 7 |a 701.15   |2 (22) 
082 7 |a 701.17   |2 (22) 
100 1 |a Malraux, André,   |d 1901-1976. 
245 1 3 |a Το φανταστικό μουσείο /   |c Andre Malraux ; πρόλογος: Ντένης Ζαχαρόπουλος ; μετάφραση: Νίκος Ηλιάδης ; επιμέλεια: Αλεξάνδρα Μακροπούλου.  
260 |a Αθήνα :   |b Πλέθρον,   |c c2007. 
300 |a 230 σ. :   |b εικ. ;   |c 24 εκ.  
490 1 |a (Εικαστικά - Τέχνη. Θεωρία της τέχνης) 
500 |a Τίτλος πρωτοτύπου: Le musée imaginaire.  
504 |a Περιέχει εικονογραφική τεκμηρίωση και ευρετήριο. 
650 0 |a Art  |x Philosophy. 
650 0 |a Aesthetics. 
650 0 |a Art  |x Psychology. 
830 0 |a Εικαστικά - Τέχνη.   |p Θεωρία της τέχνης. 
852 |a INST  |b LESVOS  |e 20071221  |h 701.17 MAL  |p 005100038997  |q 005100038997  |t BK  |y 0 
852 |a INST  |b LESVOS  |e 20100617  |h 701.17 MAL  |p 005100047990  |q 005100047990  |t BK  |y 0 
852 |a INST  |b LESVOS  |e 20100617  |h 701.17 MAL  |p 005100047991  |q 005100047991  |t BK  |y 0 
852 |a INST  |b LESVOS  |e 20100617  |h 701.17 MAL  |p 005100047992  |q 005100047992  |t BK  |y 0 
852 |a INST  |b LESVOS  |e 20100617  |h 701.17 MAL  |p 005100047993  |q 005100047993  |t BK  |y 0 
852 |a INST  |b LESVOS  |e 20110406  |h 701.17 MAL  |p 005100049115  |q 005100049115  |t BK  |y 0 
852 |a INST  |b LESVOS  |e 20110406  |h 701.17 MAL  |p 005100049116  |q 005100049116  |t BK  |y 0 
852 |a INST  |b RHODES  |e 20150819  |h 701.17 MAL  |p 005400037921  |q 005400037921  |t BK  |y 0 
852 |a INST  |b SYROS  |e 20120328  |h 701.15 MAL  |p 005500010045  |q 005500010045  |t BK  |y 0 
901 |a BIBL5-2012-1 
901 |a BIBL1-2007-3 
901 |a BIBL1-2011-1 
970 |a Γιάλαμα  |b Μαρία  |z 21/12/2007